Federal grants to municipalities in Canada: nature, importance and impact on municipal investments, from 1990-2005 (Record no. 84631)

000 -LEADER
fixed length control field 00643pab a2200217 454500
008 - FIXED-LENGTH DATA ELEMENTS--GENERAL INFORMATION
fixed length control field 180718b2009 xxu||||| |||| 00| 0 eng d
100 ## - MAIN ENTRY--PERSONAL NAME
Personal name Bojorquez, Fabio
245 ## - TITLE STATEMENT
Title Federal grants to municipalities in Canada: nature, importance and impact on municipal investments, from 1990-2005
260 ## - PUBLICATION, DISTRIBUTION, ETC.
Date of publication, distribution, etc. 2009
300 ## - PHYSICAL DESCRIPTION
Extent p.439-55.
362 ## - DATES OF PUBLICATION AND/OR SEQUENTIAL DESIGNATION
Dates of publication and/or sequential designation Sep
650 ## - SUBJECT ADDED ENTRY--TOPICAL TERM
Topical term or geographic name entry element Municipalities - Canada
650 ## - SUBJECT ADDED ENTRY--TOPICAL TERM
Topical term or geographic name entry element Local government - Canada
650 ## - SUBJECT ADDED ENTRY--TOPICAL TERM
Topical term or geographic name entry element Federal aid - Canada
650 ## - SUBJECT ADDED ENTRY--TOPICAL TERM
Topical term or geographic name entry element Federal aid
700 ## - ADDED ENTRY--PERSONAL NAME
Personal name Vaillancourt, Francois
700 ## - ADDED ENTRY--PERSONAL NAME
Personal name Champagne, Eric
773 ## - HOST ITEM ENTRY
Main entry heading Canadian Public Administration
908 ## - PUT COMMAND PARAMETER (RLIN)
Put command parameter N
909 ## -
-- 84631
Holdings
Withdrawn status Lost status Damaged status Not for loan Permanent Location Current Location Date acquired Serial Enumeration / chronology Barcode Date last seen Price effective from Koha item type
        Indian Institute of Public Administration Indian Institute of Public Administration 2018-07-19 Volume no: 52, Issue no: 3 AR85091 2018-07-19 2018-07-19 Articles

Powered by Koha